<?xml version="1.0" encoding="UTF-8"?>
<record
    xmlns:xsi="http://www.w3.org/2001/XMLSchema-instance"
    xsi:schemaLocation="http://www.loc.gov/MARC21/slim http://www.loc.gov/standards/marcxml/schema/MARC21slim.xsd"
    xmlns="http://www.loc.gov/MARC21/slim">

  <leader>03902cam a2200373 b 4500</leader>
  <controlfield tag="003">3228</controlfield>
  <controlfield tag="005">20241101133756.0</controlfield>
  <controlfield tag="008">230424r20222014sa  eng  </controlfield>
  <datafield tag="010" ind1=" " ind2=" ">
    <subfield code="a"> </subfield>
  </datafield>
  <datafield tag="020" ind1=" " ind2=" ">
    <subfield code="a">9781485313854 (hardback)</subfield>
  </datafield>
  <datafield tag="020" ind1=" " ind2=" ">
    <subfield code="a">1485313856 (hardback)</subfield>
    <subfield code="q"> </subfield>
  </datafield>
  <datafield tag="020" ind1=" " ind2=" ">
    <subfield code="z"> </subfield>
    <subfield code="q"> </subfield>
  </datafield>
  <datafield tag="035" ind1=" " ind2=" ">
    <subfield code="a"> </subfield>
  </datafield>
  <datafield tag="040" ind1=" " ind2=" ">
    <subfield code="a"> 3228</subfield>
    <subfield code="b">eng</subfield>
    <subfield code="e">rda</subfield>
    <subfield code="c"> 3228</subfield>
    <subfield code="d"> </subfield>
    <subfield code="d"> </subfield>
    <subfield code="d"> </subfield>
    <subfield code="d"> </subfield>
    <subfield code="d"> </subfield>
    <subfield code="d"> </subfield>
    <subfield code="d"> </subfield>
  </datafield>
  <datafield tag="042" ind1=" " ind2=" ">
    <subfield code="a"> </subfield>
  </datafield>
  <datafield tag="043" ind1=" " ind2=" ">
    <subfield code="a"> </subfield>
  </datafield>
  <datafield tag="050" ind1="0" ind2="0">
    <subfield code="a"> </subfield>
    <subfield code="b"> </subfield>
  </datafield>
  <datafield tag="082" ind1="0" ind2="4">
    <subfield code="a">968 HIST</subfield>
    <subfield code="2"> </subfield>
  </datafield>
  <datafield tag="130" ind1="0" ind2=" ">
    <subfield code="a">Geskiedenis van Suid-Afrika.</subfield>
    <subfield code="l">English.</subfield>
    <subfield code="9">190334</subfield>
  </datafield>
  <datafield tag="245" ind1="0" ind2="2">
    <subfield code="a">A history of South Africa :</subfield>
    <subfield code="b">from the distant past to the present day /</subfield>
    <subfield code="c">editor: Fransjohan Pretorius.</subfield>
  </datafield>
  <datafield tag="250" ind1=" " ind2=" ">
    <subfield code="a">First revised edition.</subfield>
  </datafield>
  <datafield tag="264" ind1=" " ind2="1">
    <subfield code="a">Pretoria [South Africa] :</subfield>
    <subfield code="b">Protea Book House,</subfield>
    <subfield code="c">2022.</subfield>
  </datafield>
  <datafield tag="300" ind1=" " ind2=" ">
    <subfield code="a">716 pages :</subfield>
    <subfield code="b">maps ;</subfield>
    <subfield code="c">23 cm</subfield>
  </datafield>
  <datafield tag="336" ind1=" " ind2=" ">
    <subfield code="a">text</subfield>
    <subfield code="b">txt</subfield>
    <subfield code="2">rdacontent</subfield>
  </datafield>
  <datafield tag="337" ind1=" " ind2=" ">
    <subfield code="a">unmediated</subfield>
    <subfield code="b">n</subfield>
    <subfield code="2">rdamedia</subfield>
  </datafield>
  <datafield tag="338" ind1=" " ind2=" ">
    <subfield code="a">volume</subfield>
    <subfield code="b">nc</subfield>
    <subfield code="2">rdacarrier</subfield>
  </datafield>
  <datafield tag="500" ind1=" " ind2=" ">
    <subfield code="a">"An initiative of the History Commission of the Suid-Afrikaanse Akademie vir Wetenskap en Kuns (South African Academy for Science and the Arts)."</subfield>
  </datafield>
  <datafield tag="504" ind1=" " ind2=" ">
    <subfield code="a">Includes bibliographical references (pages 675-686) and index.</subfield>
  </datafield>
  <datafield tag="505" ind1="0" ind2="0">
    <subfield code="t">South Africa's primeval past /</subfield>
    <subfield code="r">Andrie Meyer --</subfield>
    <subfield code="t">The Dutch era at the Cape, 1652-1806 /</subfield>
    <subfield code="r">Johan de Villiers --</subfield>
    <subfield code="t">People of bondage /</subfield>
    <subfield code="r">Robert Shell --</subfield>
    <subfield code="t">Cape colonial society under British rule, 1806-1834 /</subfield>
    <subfield code="r">Johan de Villiers --</subfield>
    <subfield code="t">Migration and the societies north of the Gariep River /</subfield>
    <subfield code="r">Jan Visagie --</subfield>
    <subfield code="t">The emigration of the Voortrekkers into the interior /</subfield>
    <subfield code="r">Jan Visagie --</subfield>
    <subfield code="t">State formation and strife, 1850-1900 /</subfield>
    <subfield code="r">Jackie Grobler --</subfield>
    <subfield code="t">The mineral revolution /</subfield>
    <subfield code="r">Wessel Visser --</subfield>
    <subfield code="t">An economic history of the nineteenth century /</subfield>
    <subfield code="r">Grietjie Verhoef --</subfield>
    <subfield code="t">Afrikaner nationalism, 1875-1899 /</subfield>
    <subfield code="r">Hermann Giliomee --</subfield>
    <subfield code="t">Everyone's war: the Anglo-Boer War (1899-1902) /</subfield>
    <subfield code="r">Fransjohan Pretorius --</subfield>
    <subfield code="t">Post-war race relations, 1902-1948 /</subfield>
    <subfield code="r">David M. Scher --</subfield>
    <subfield code="t">Afrikaner nationalism, 1902-1948 /</subfield>
    <subfield code="r">Hermann Giliomee --</subfield>
    <subfield code="t">Black political awakening, 1875-1949 /</subfield>
    <subfield code="r">Jackie Grobler --</subfield>
    <subfield code="t">The consolidation of the apartheid state, 1948-1966 /</subfield>
    <subfield code="r">David M. Scher --</subfield>
    <subfield code="t">B.J. Vorster and separate development /</subfield>
    <subfield code="r">Kobus du Pisani --</subfield>
    <subfield code="t">Black resistance against apartheid, 1950s-1980s /</subfield>
    <subfield code="r">Jackie Grobler --</subfield>
    <subfield code="t">"Adapt or die", 1978-1984 /</subfield>
    <subfield code="r">Hermann Giliomee --</subfield>
    <subfield code="t">Uprising, war and transition, 1984-1994 /</subfield>
    <subfield code="r">Hermann Giliomee --</subfield>
    <subfield code="t">Apartheid: a different angle /</subfield>
    <subfield code="r">Hermann Giliomee --</subfield>
    <subfield code="t">The South African economy in the twentieth century /</subfield>
    <subfield code="r">Grietjie Verhoef --</subfield>
    <subfield code="t">The development of trade unions and organised labour /</subfield>
    <subfield code="r">Wessel Visser --</subfield>
    <subfield code="t">South Africa after apartheid, 1994-2004 /</subfield>
    <subfield code="r">Japie Brits --</subfield>
    <subfield code="t">The troubled teens: South African democracy, 2004-2013 /</subfield>
    <subfield code="r">Jan-Jan Joubert --</subfield>
    <subfield code="t">Coloureds: a complex history /</subfield>
    <subfield code="r">Cornelius Thomas --</subfield>
    <subfield code="t">The Indians in South Africa /</subfield>
    <subfield code="r">Goolam Vahed --</subfield>
    <subfield code="t">English-speaking South Africans: uncertain of their identity /</subfield>
    <subfield code="r">John Lambert --</subfield>
    <subfield code="t">The South African churches and apartheid /</subfield>
    <subfield code="r">J.W. (Hoffie) Hofmeyr and J.A. (Joan) Millard --</subfield>
    <subfield code="t">An environmental history of South Africa /</subfield>
    <subfield code="r">Elize S. van Eeden --</subfield>
    <subfield code="t">From state capture to Covid: the decline of the ANC, 2014-2020 /</subfield>
    <subfield code="r">Jan-Jan Joubert.</subfield>
  </datafield>
  <datafield tag="520" ind1=" " ind2=" ">
    <subfield code="a">"Who were the first people of South Africa? And who came after them? How did the interaction among Afrikaners, English-speaking South Africans, the British government and black people help form the country? Where do we stand as a nation today? Some prominent historians try to answer these questions. Led by the well-known Professor Fransjohan Pretorius, they reflect on the origin of planet Earth and look at some pivotal moments in our South African history. Chapters cover, among others, the Dutch era at the Cape, the mineral revolution, the Anglo-Boer War, Afrikaner nationalism, the apartheid government, the black resistance movement and a South Africa after 1994."--Back cover.</subfield>
  </datafield>
  <datafield tag="651" ind1=" " ind2="0">
    <subfield code="a">South Africa</subfield>
    <subfield code="x">History.</subfield>
    <subfield code="9">130817</subfield>
  </datafield>
  <datafield tag="700" ind1="1" ind2=" ">
    <subfield code="a">Pretorius, F.</subfield>
    <subfield code="q">(Fransjohan),</subfield>
    <subfield code="e">editor.</subfield>
    <subfield code="9">122364</subfield>
  </datafield>
  <datafield tag="942" ind1=" " ind2=" ">
    <subfield code="2">ddc</subfield>
    <subfield code="c">BOOK</subfield>
    <subfield code="w">156</subfield>
    <subfield code="x">Lettie Matukane</subfield>
    <subfield code="y">156</subfield>
    <subfield code="z">Lettie Matukane</subfield>
  </datafield>
  <datafield tag="999" ind1=" " ind2=" ">
    <subfield code="c">769789</subfield>
    <subfield code="d">769788</subfield>
  </datafield>
  <datafield tag="952" ind1=" " ind2=" ">
    <subfield code="0">0</subfield>
    <subfield code="1">0</subfield>
    <subfield code="2">ddc</subfield>
    <subfield code="4">0</subfield>
    <subfield code="7">0</subfield>
    <subfield code="8">900</subfield>
    <subfield code="a">RIVEL</subfield>
    <subfield code="b">RIVEL</subfield>
    <subfield code="c">GEN</subfield>
    <subfield code="d">2024-11-01</subfield>
    <subfield code="l">0</subfield>
    <subfield code="o">968 HIST  </subfield>
    <subfield code="p">33228031011392</subfield>
    <subfield code="r">2024-11-01</subfield>
    <subfield code="w">2024-11-01</subfield>
    <subfield code="y">BOOK</subfield>
  </datafield>
</record>
